The Bicentennial man and other stories / (Record no. 588578)
[ view plain ]
| 000 -LEADER | |
|---|---|
| fixed length control field | 01149cam a2200325 i 4500 |
| 001 - CONTROL NUMBER | |
| control field | 1760442 |
| 003 - CONTROL NUMBER IDENTIFIER | |
| control field | NUST |
| 005 - DATE AND TIME OF LATEST TRANSACTION | |
| control field | 20220305125319.0 |
| 008 - FIXED-LENGTH DATA ELEMENTS--GENERAL INFORMATION | |
| fixed length control field | 760422s1976 nyu 000 1 eng |
| 010 ## - LIBRARY OF CONGRESS CONTROL NUMBER | |
| LC control number | 76002749 |
| 020 ## - INTERNATIONAL STANDARD BOOK NUMBER | |
| International Standard Book Number | 0385121989 : |
| Terms of availability | $6.95 |
| 038 ## - RECORD CONTENT LICENSOR | |
| Staff Name | waseem |
| 040 ## - CATALOGING SOURCE | |
| Original cataloging agency | DLC |
| Transcribing agency | DLC |
| Modifying agency | DLC |
| 043 ## - GEOGRAPHIC AREA CODE | |
| Geographic area code | n-us--- |
| 050 00 - LIBRARY OF CONGRESS CALL NUMBER | |
| Classification number | PZ3.A8316 |
| Item number | Bi |
| Classification number | PS3551.S5 |
| 051 ## - LIBRARY OF CONGRESS COPY, ISSUE, OFFPRINT STATEMENT | |
| Classification number | PS3551.S5 |
| Item number | B5 |
| 082 00 - DEWEY DECIMAL CLASSIFICATION NUMBER | |
| Classification number | 813.54 |
| Author Mark | ASI |
| 100 1# - MAIN ENTRY--PERSONAL NAME | |
| Personal name | Asimov, Isaac, |
| Dates associated with a name | 1920-1992. |
| 9 (RLIN) | 90230 |
| 245 14 - TITLE STATEMENT | |
| Title | The Bicentennial man and other stories / |
| Statement of responsibility, etc. | Isaac Asimov. |
| 250 ## - EDITION STATEMENT | |
| Edition statement | 1st ed. |
| 260 ## - PUBLICATION, DISTRIBUTION, ETC. | |
| Place of publication, distribution, etc. | Garden City, N.Y. : |
| Name of publisher, distributor, etc. | Doubleday, |
| Date of publication, distribution, etc. | 1976. |
| 300 ## - PHYSICAL DESCRIPTION | |
| Extent | 211 p. ; |
| Dimensions | 22 cm. |
| 490 0# - SERIES STATEMENT | |
| Series statement | Doubleday science fiction |
| 505 0# - FORMATTED CONTENTS NOTE | |
| Formatted contents note | The prime of life.--Feminine intuition.--Waterclap.--That thou art mindful of him.--Stranger in paradise.--The life and times of multivac.--The winnowing.--The bicentennial man.--Marching in.--Old-fashioned.--The tercentenary incident.--Birth of a notion. |
| 563 ## - BINDING INFORMATION | |
| Binding note | HBK. |
| 650 #0 - SUBJECT ADDED ENTRY--TOPICAL TERM | |
| Topical term or geographic name entry element | Science fiction, American. |
| 9 (RLIN) | 90231 |
| 906 ## - LOCAL DATA ELEMENT F, LDF (RLIN) | |
| a | 7 |
| b | cbc |
| c | orignew |
| d | 1 |
| e | ocip |
| f | 19 |
| g | y-gencatlg |
| 942 ## - ADDED ENTRY ELEMENTS (KOHA) | |
| Source of classification or shelving scheme | |
| Koha item type | Book |
| Withdrawn status | Lost status | Source of classification or shelving scheme | Damaged status | Not for loan | Permanent Location | Current Location | Shelving location | Date acquired | Source of acquisition | Total Checkouts | Full call number | Barcode | Date last seen | Price effective from | Koha item type |
|---|---|---|---|---|---|---|---|---|---|---|---|---|---|---|---|
| Central Library (CL) | Central Library (CL) | Fiction | 03/05/2022 | Donated by Student Affairs NUST | 813.54 ASI | CL-D-1531 | 06/26/2023 | 03/05/2022 | Book |
